000 00819nam a2200265 i 4500
001 bg
100 1 _aBOUTON, Gary David
245 1 0 _aAdobe Photoshop 3 :
_bfiltry i efekty /
_cGary David Bouton, Gary Kubicek ; tł. [z ang.] Władysław M. Szymczyk.
246 _iTyt. oryg.:
_aAdobe Photoshop 3
260 _aWarszawa :
_b"Intersoftland",
_c1996.
300 _aXI, 332 s. :
_brys. ;
_c16 x 24 cm +
_eCD.
500 _aOryg. : "Adobe Photoshop 3", 1995.
630 0 9 _aPhotoshop
655 _aPodręczniki
700 1 _aKUBICEK, Gary
020 _a8386389893
020 _a1562054481 (oryg.)
040 _cBPK
041 1 _apl
_hen
080 _a681.322.06:741/744:655.1/.3](07)
920 _a83-86389-89-3
920 _a1-56205-448-1 (oryg.)
942 _cKS
008 s pl f |000 0 pol
999 _c32143
_d32143
856 _uhttp://koha.tu.koszalin.pl/cgi-bin/koha/opac-detail.pl?biblionumber=32143
_yKatalog online BPK